LEADER 01677cam0-2200541---450- 001 990000070190203316 005 20000606 010 $a0-8176-3423-1.- ISBN 3-7643-3423-1 035 $a0007019 035 $aUSA010007019 035 $a(ALEPH)000007019USA01 035 $a0007019 100 $a20000606d1989----|||y0itay0103----ba 101 0 $aeng 102 $aUS 105 $a||||||||001yy 200 1 $aIntroduction to queueing theory$fB. V. Gnedenko, I. N. Kovalenko$gtranslated by Samuel Kotz 205 $a2. ed. rev. and supplemented 210 $aBoston$cBirkhäuser$d1989 215 $aXI, 314 p.$d25 cm 225 2 $aMathematical modeling$v5 410 0$12001$aMathematical modeling 610 $aTeoria delle code 676 $a519.82 700 1$aGNEDENKO,$bBoris Vladimirovich$047229 701 1$aKOVALENKO,$bIgor' Nikolaevich$057859 801 $aIT$bSALBC$gISBD 912 $a990000070190203316 951 $a519.82 GNE$b13696 Ing$c519.82$d00003389 959 $aBK 969 $aTEC 979 $c20000914$lUSA01$h1732 979 $c20000919$lUSA01$h1047 979 $c20000919$lUSA01$h1521 979 $c20001019$lUSA01$h1055 979 $c20001019$lUSA01$h1453 979 $c20001019$lUSA01$h1500 979 $c20001019$lUSA01$h1538 979 $c20001024$lUSA01$h1514 979 $c20001027$lUSA01$h1518 979 $c20001027$lUSA01$h1523 979 $c20001110$lUSA01$h1709 979 $c20001124$lUSA01$h1207 979 $aPATTY$b90$c20011003$lUSA01$h1157 979 $c20020403$lUSA01$h1614 979 $aPATRY$b90$c20040406$lUSA01$h1606 996 $aIntroduction to queueing theory$91486845 997 $aUNISA LEADER 03207nam0 2200601 i 450 001 BVEE006793 005 20251003044100.0 012 $au-ne meu- i-ea fisu (3) 1544 (A)$2fei$9Pt. 1. 012 $au-ne a-i- ,&x- iuue (3) 1544 (A)$2fei$9Pt. 2. 100 $a20130827d1544 ||||0itac50 ba 101 | $alat$clat 102 $afr 181 1$6z01$ai $bxxxe 182 1$6z01$an 183 1$6z01$anc$2RDAcarrier 200 1 $aˆM. Fabij Quintiliani ‰Institutionum oratoriarum libri 12. Summa diligentia ad fidem uetustissimorum codicum recogniti ac restituti. Cum rerum uerborumque indice multo locupletissimo. Declamationum liber eiusdem 210 $aLugduni$capud Seb. Gryphium$d1544 215 $a2 pt. (612, [108]; 247, [1] p.)$d8º 300 $aNel titolo il numero è espresso: XII 300 $aMarca (S870) sui frontespizi 300 $aCorsivo ; greco ; romano 300 $aSegnatura: a-z?A-Y?; 2a-2p?2q? 300 $aIniziali xilografiche 300 $aPt. 2.: Mar. Fabij Quintiliani Declamationes. 316 $a1 v. - Sul frontespizio nota manoscritta cancellata$5IT-BN0095 , ANT FONDO RARI 17 500 10$aDeclamationes$3BVEE006769$925372 500 10$aInstitutio oratoria$3PUVE008863$9CFIV037714$919594 620 $aFR$dLione$3RLZL001494 700 1$aQuintilianus$b, Marcus Fabius$3CFIV037714$4070$0171261 712 02$aGryphius, Sébastien$3BVEV017233$4650 790 0$aQuintiliano$3CFIV090043$zQuintilianus, Marcus Fabius 790 1$aQuintilliano$b, M. Fabio$3CFIV134813$zQuintilianus, Marcus Fabius 790 1$aQuintiliano$b, Marco Fabio$3CFIV167924$zQuintilianus, Marcus Fabius 790 0$aQuintilian$3CFIV332618$zQuintilianus, Marcus Fabius 790 0$aQuintilien$3LO1V136715$zQuintilianus, Marcus Fabius 791 02$aGriffio, Sebastiano$3UBOV685829$zGryphius, Sébastien 791 02$aGryphius, Sebastianus$3UBOV685831$zGryphius, Sébastien 791 02$aGrifi, Sebastien$3UBOV685832$zGryphius, Sébastien 801 3$aIT$bIT-000000$c20130827 850 $aIT-BN0095 $aIT-NA0079 $aIT-NA0070 899 1$aBiblioteca nazionale Vittorio Emanuele III$bIT-NA0079 $43 esemplari ; 1 v.$eS$uhttp://books.google.com/books?vid=IBNN:BN000523682 901 $bNAP BU$cZ.A. $nopere del 16. sec. 901 $bNAP BN$cV.F. $nLa consegna dei documenti è effettuata dall'Ufficio Distribuzione 901 $bNAP BN$cBIBL.BRANC$nLa consegna dei documenti è effettuata dall'Ufficio Distribuzione 901 $bNAP BN$cRACC.VILL.$nLa consegna dei documenti è effettuata dall'Ufficio Distribuzione 901 $bNAP 01$cANT $n$ 912 $aBVEE006793 921 $aBVEM000415$bGrifone che solleva una sfera alata, incatenata ad un peso. Motto: Virtute duce, comite fortuna.$cS870$dSul front. 950 0$aBiblioteca Centralizzata di Ateneo$c1 esemplare$d 01ANT FONDO RARI 17$e 01AR 0070040045 VMB 1 v. - Sul frontespizio nota manoscritta cancellata$fB $h19930331$i20230518 977 $a 01$a BN$a BU 996 $aInstitutio oratoria$919594 996 $aDeclamationes$925372 997 $aUNISANNIO